| 000 | 00357nam a2200097Ia 4500 | ||
|---|---|---|---|
| 008 | 171204s9999 xx 000 0 und d | ||
| 245 | _aDebian 7: System Administration Best Practices: | ||
| 260 | _c2013 | ||
| 650 | _xADVANCED OPERATING SYSTEM AND NETWORKING | ||
| 856 | _uhttp://down.ebook777.com/020/Debian%207%20System%20Administration%20Best%20Practices.pdf | ||
| 999 |
_c347095 _d347095 |
||